000 00444cam a2200181ua 4500
001 16449
008 060101n II |||gr||||Z||||||asm
040 _aMAIN
041 _aEnglish
100 _aDUTTA, GOLOK CHANDRA.
245 _aSAIKHIK PRAJUKTIBIDYA
260 _aJORHAT:
_bBIDYA BHAWAN.,
_c2005.
300 _a195:
_c21CM.
653 _aEducational Technology
700 _aSONOWAL, PURANJOY.
700 _aBORA, SABRITI.
942 _cBK
999 _c16334
_d16334